Dalit and tribal christians of India : (Record no. 990)

MARC details
000 -LEADER
fixed length control field 00591nam a2200193 4500
003 - CONTROL NUMBER IDENTIFIER
control field GBCCL
005 - DATE AND TIME OF LATEST TRANSACTION
control field 20241126110350.0
008 - FIXED-LENGTH DATA ELEMENTS--GENERAL INFORMATION
fixed length control field 170331b xxu||||| |||| 00| 0 eng d
040 ## - CATALOGING SOURCE
Transcribing agency gbc
082 ## - DEWEY DECIMAL CLASSIFICATION NUMBER
Classification number 275.4
Item number THO
100 ## - MAIN ENTRY--PERSONAL NAME
Personal name Thomas, V.V.
9 (RLIN) 1644
245 ## - TITLE STATEMENT
Title Dalit and tribal christians of India :
Remainder of title issues and challenges /
Statement of responsibility, etc. V.V. Thomas.
260 ## - PUBLICATION, DISTRIBUTION, ETC.
Place of publication, distribution, etc. Kerala, India :
Name of publisher, distributor, etc. Focus India trust,
Date of publication, distribution, etc. 2014.
300 ## - PHYSICAL DESCRIPTION
Extent xxvi, 413p. ;
Other physical details 23cm.
650 ## - SUBJECT ADDED ENTRY--TOPICAL TERM
Topical term or geographic name entry element Dalit
Topical term following geographic name entry element Christians
Location of event India
9 (RLIN) 1645
650 ## - SUBJECT ADDED ENTRY--TOPICAL TERM
Topical term or geographic name entry element Tribal
Topical term following geographic name entry element Christians
Location of event India
9 (RLIN) 1646
650 ## - SUBJECT ADDED ENTRY--TOPICAL TERM
Topical term or geographic name entry element Issues and challenges
9 (RLIN) 1647
942 ## - ADDED ENTRY ELEMENTS (KOHA)
Source of classification or shelving scheme Dewey Decimal Classification
Koha item type Books
Koha issues (borrowed), all copies 6
Holdings
Withdrawn status Lost status Source of classification or shelving scheme Damaged status Not for loan Home library Current Library Shelving location Date acquired Total checkouts Full call number Barcode Date last seen Date last checked out Copy number Price effective from Koha item type Source of acquisition Cost, normal purchase price Cost, replacement price
    Dewey Decimal Classification     GRACE BIBLE COLLEGE GRACE BIBLE COLLEGE Church History 2017-03-31 5 275.4 THO 013008 2025-05-01 2024-02-23 c.1 2017-03-31 Books      
    Dewey Decimal Classification     GRACE BIBLE COLLEGE GRACE BIBLE COLLEGE Church History 2019-04-04 1 275.4 THO 014951 2025-05-01 2022-04-14 c.2 2019-04-04 Books 11 320.00 400.00
© Grace Bible College Library 2025